| 000 | 01796nam a2200421 c 4500 | ||
|---|---|---|---|
| 003 | BLK | ||
| 005 | 20180422110232.0 | ||
| 008 | 180409b bul|||||r ||||||| ||bul|| | ||
| 010 | _aKNG00119895000 | ||
| 020 |
_a978-954-660-150-6 _bиздат.: ПАН |
||
| 040 | _aBLK | ||
| 041 |
_aBUL _cBUL |
||
| 072 | 7 |
_2bullib _aН86 _xДетска отраслова литература Н |
|
| 080 |
_aДомашни животни _b636.1/.9 _x(02.053.2) _z636.1/.9(02.053.2) |
||
| 100 | 1 |
_aПринц, Йохана _eпърви автор _9313505 |
|
| 700 | 1 |
_aИванова, Мирела _eпрев. от нем. _9365096 |
|
| 700 | 1 |
_aЗодре, Юлия _eил. _970194 |
|
| 139 |
_aПринц, Йохана _bП 88 |
||
| 245 | 1 | 0 |
_aЖивотните във фермата _cЙохана Принц; прев. от нем. Мирела Иванова; ил. Юлия Зодре. |
| 257 | _aDEU | ||
| 260 |
_аСофия _bПАН _c2010 |
||
| 300 |
_a32 с. _bс цв. ил. _c17 см |
||
| 380 | _aDN | ||
| 490 | 1 |
_aПоредица Знайко _vКн. 2 |
|
| 500 | _aОриг. загл. Pixi Wissen : Bauernhoftiere. - Съдържа и Загадки ; Лексикон ; Въпроси и отговори. | ||
| 650 | 4 |
_aСелскостопански животни _9283268 |
|
| 650 | 4 |
_aДомашни животни - детска и юношеска литература _9313506 |
|
| 653 | _aселскостопански животни | ||
| 653 | _aдомашни животни | ||
| 653 | _aдетска литература | ||
| 653 | _aлитература за деца | ||
| 659 | _aН | ||
| 852 | _aЦб І 34397 | ||
| 856 | 4 |
_qpdf _u |
|
| 856 | 4 |
_qpdf _u |
|
| 942 |
_cKNG _n0 |
||
| 944 |
_aCR _c20.06.2012 _lф / _kЛюдмила_Стоянова |
||
| 944 |
_aED _c07.07.2016 _lф / _kЛюдмила_Стоянова |
||
| 999 |
_c114464 _d114464 |
||